000 00468nam a2200181Ia 4500
001 22992
005 20260414150907.0
008 260414t2005||||xx |||||||||||||| ||spa||
041 _aESP
082 _a624.1762
_bC17D
100 _aCalvi, Gian Michele
_eAUT
245 0 _aDesign of a large-scale dynamic and pseudo-dynamic testing facility
_b
260 _c2005
300 _a178 páginas :
_c24 cm.
650 _a0
654 _aCIC
942 _cLIB
_dJUS
_fJUS
_2ddc
_n
999 _c22992
_d22992